000 00853nam a2200241Ia 4500
003 OSt
005 20220925204445.0
006 a|||||r|||| 00| 0
007 ta
008 220923b |||||||| |||| 00| 0 eng d
020 _a9783846511480
_c4710.5699999999997
037 _bRKBA/09-10/4778, 31/10/2012, RAJKIRAN BOOK AGENCY
_cGeneral Book
040 _aRTL
_cRTL
_beng
041 _2eng
_aeng
082 _aX81:1:(Z).2, Q1
100 _aSHARMA Deepa
_937758
245 0 _aConsumer protection and grievance-redress in India
_b A study of insurance industry
260 _aGermany
_bLambert Academic Publishing
_c2011
300 _a263p. Bibliography: P 225-34
_ccm.
650 _aCommerce
942 _hX81:1:(Z).2, Q1
_cGB
_2CC
999 _c549474
_d549474